000 00979nam a22002177a 4500
999 _c8532
_d8532
003 AR-CdUCM
008 190325b ||||| |||| 00| 0 spa d
040 _aMUNICIPALIDAD PROVINCIAL DEL CUSCO
_cBIBLIOTECA MUNICIPAL DEL CUSCO
082 _a333.913 /
_bG66
100 _aGonzales Ríos, José
_96726
245 _aOrganización Social y Adopción de Riego por Aspersión en la Cuenca del Río Mapacho /
260 _aCusco - Perú :
_bEdmundo Pantigozo ;
_c2000.
300 _a132 páginas ;
_bTablas
_c20cm
_eCroquis, fotografías
505 _aContenido: Antecedentes por riego de aspersión -- Sistema campesino de riego por aspersión -- Proceso de adopción de riego por aspersión -- Dinámica de la estructura organizativa...
650 _aDesarrollo comunitario
_923894
650 _aRiego por aspersión
_923895
650 _aCampesinos
_94401
710 _aUniversidad Nacional de San Antonio Abad del Cusco - IIUR
_923896
942 _2ddc
_cLIBROS
945 _anom